000 00712nam a2200265Ia 4500
003 OSt
005 20220912145200.0
006 a|||||r|||| 00| 0
007 ta
008 220909b |||||||| |||| 00| 0 eng d
024 _a71835
037 _cTextual
040 _aCSL
_beng
_cCSL
041 _aeng
082 _aD7, L5;M3
100 _aLamarsh John R
245 0 _aIntroduction to nuclear engineering
250 _a2nd
260 _aReading
_bAddisosn-Wesley pub
_c1983
300 _axiv689p.
_ccm.
490 _aAddison Wesley in nuclear science and engineering
650 _aNuclear engineering
942 _hD7, L5;M3
_cTEXL
_2CC
999 _c25296
_d25296